| 000 | 00734nam a22002297a 4500 | ||
|---|---|---|---|
| 003 | OSt | ||
| 005 | 20180116183033.0 | ||
| 008 | 160209b xxu||||| |||| 00| 0 eng d | ||
| 020 | _a9781784152260 | ||
| 022 | _a9781784152116 | ||
| 040 | _c0 | ||
| 050 | _a657 | ||
| 082 | _a657 ACC 2015 | ||
| 100 | _aKaplan Publishing | ||
| 110 | _aKAPLAN Publishing. | ||
| 245 |
_aACCA Text Paper F4 ENG Corporate and Business Law ( CL ENG). _cKaplan Publishing. _bComplete Text -Valid for September 2015, December 2015, March 2016 and June 2016 |
||
| 260 |
_aUK _bKaplan Publishing. _c2015. |
||
| 300 |
_a328+1 p. _bPB |
||
| 440 | _aACCA Paper F4 ENG Corporate and Business Law ( CL ENG). | ||
| 500 | _aPaper Cover | ||
| 942 |
_2ddc _cBK _k657 |
||
| 999 |
_c351108 _d351108 |
||